[Event "Mittelfranken-chTB2b 1920"]
[Site "Mittelfranken"]
[Date "2019.10.13"]
[Round "1.3"]
[White "Miederer, Karl"]
[Black "Rosin, Ralf"]
[Result "1/2-1/2"]
[WhiteElo "1770"]
[BlackElo "1923"]
[PlyCount "43"]
[EventDate "2019.10.13"]
[EventType "team-tourn"]
[EventRounds "9"]
[EventCountry "GER"]
[SourceTitle "EXT 2023"]
[Source "ChessBase"]
[SourceDate "2022.10.05"]
[SourceVersion "1"]
[SourceVersionDate "2022.10.05"]
[SourceQuality "1"]
[WhiteTeam "Uttenreuth"]
[BlackTeam "Grossenseebach"]
[WhiteTeamCountry "GER"]
[BlackTeamCountry "GER"]

1. c4 e5 2. Nc3 Nc6 3. g3 f5 4. Bg2 Nf6 5. a3 g6 6. e3 Bg7 7. Nge2 0-0 8. 0-0 d6 9. d4 a5 10. b3 Ne7 11. Bb2 c6 12. Qc2 Qc7 13. dxe5 dxe5 14. Rad1 Be6 15. Na4 Nd7 16. Qc3 Rad8 17. Nf4 Bf7 18. Nd3 Bf6 19. Ndc5 Nxc5 20. Nxc5 g5 21. f4 gxf4 22. exf4 1/2-1/2

[Event "Mecklenburg VP Landesliga Ost 1920"]
[Site "Mecklenburg VP"]
[Date "2019.09.29"]
[Round "1.4"]
[White "Tin, Sergey"]
[Black "Rosin, Ralf"]
[Result "1-0"]
[WhiteElo "2034"]
[BlackElo "1963"]
[PlyCount "91"]
[EventDate "2019.09.29"]
[EventType "team-tourn"]
[EventRounds "9"]
[EventCountry "GER"]
[SourceTitle "EXT 2023"]
[Source "ChessBase"]
[SourceDate "2022.10.05"]
[SourceVersion "1"]
[SourceVersionDate "2022.10.05"]
[SourceQuality "1"]
[WhiteTeam "Rostock SSC 07"]
[BlackTeam "Wolgast Motor"]
[WhiteTeamCountry "GER"]
[BlackTeamCountry "GER"]

1. e4 e6 2. d4 d5 3. e5 c5 4. c3 Nc6 5. Nf3 Bd7 6. Bd3 Qb6 7. 0-0 cxd4 8. cxd4 Nxd4 9. Nbd2 Nxf3+ 10. Nxf3 h6 11. Be3 Bc5 12. Bxc5 Qxc5 13. Rc1 Qb6 14. Qe2 Ne7 15. Rc3 Nc6 16. Rfc1 0-0 17. Rb3 Qc7 18. Bb1 f5 19. exf6 Rxf6 20. Qc2 e5 21. Rb5 Bf5 22. Qb3 Bxb1 23. Rxb1 Rf7 24. Rxd5 e4 25. Nd4 Qf4 26. Rf5 Qc7 27. Nxc6 bxc6 28. Qxf7+ Qxf7 29. Rxf7 Kxf7 30. Kf1 Rb8 31. b3 Rb5 32. Rc1 Ra5 33. a4 Rd5 34. Rxc6 Rd3 35. Rc7+ Kf6 36. b4 Rd4 37. Rxa7 Rxb4 38. Ke2 Rb2+ 39. Ke3 Ra2 40. Ra8 g6 41. a5 Kf5 42. a6 Ra3+ 43. Kd4 Rd3+ 44. Kc4 Rd2 45. a7 Kg5 46. Rf8 1-0

[Event "Mecklenburg VP LL2 Ost 1819"]
[Site "Mecklenburg VP"]
[Date "2019.02.24"]
[Round "6.3"]
[White "Jabbusch, Burkhard"]
[Black "Rosin, Ralf"]
[Result "0-1"]
[WhiteElo "1631"]
[BlackElo "1757"]
[PlyCount "84"]
[EventDate "2018.10.21"]
[EventType "team-tourn"]
[EventRounds "9"]
[EventCountry "GER"]
[SourceTitle "EXT 2022"]
[Source "ChessBase"]
[SourceDate "2021.10.06"]
[SourceVersion "1"]
[SourceVersionDate "2021.10.06"]
[SourceQuality "1"]
[WhiteTeam "Stralsund FHSG II"]
[BlackTeam "Wolgast Motor"]
[WhiteTeamCountry "GER"]
[BlackTeamCountry "GER"]

1. d4 e6 2. c4 f5 3. Nf3 Nf6 4. Nc3 Be7 5. e3 0-0 6. Bd3 c6 7. Qc2 d5 8. Bd2 Ne4 9. Ne5 Nd7 10. f3 Nxe5 11. dxe5 Nxd2 12. Qxd2 dxc4 13. Bxc4 Qxd2+ 14. Kxd2 b5 15. Bb3 a5 16. a3 Kf7 17. Rhd1 a4 18. Bc2 Ba6 19. g3 Bc5 20. Re1 Rfd8+ 21. Kc1 Rd7 22. e4 g6 23. exf5 gxf5 24. Bxf5 Rd4 25. Be4 Rc8 26. Kc2 Be7 27. Rad1 c5 28. Ne2 Rc4+ 29. Kb1 b4 30. Bd3 bxa3 31. Bxc4 Bxc4 32. Nc3 Rb8 33. Rd2 Bb3 34. Re4 c4 35. Ka1 axb2+ 36. Rxb2 Rd8 37. Ree2 Rd3 38. Ne4 c3 39. Rb1 c2 40. Rc1 Rd1 41. Re1 Rxc1+ 42. Rxc1 Ba3 0-1

[Event "Mittelfranken-chTB2b 1819"]
[Site "Mittelfranken"]
[Date "2019.01.27"]
[Round "4.3"]
[White "Ernst, Mathias"]
[Black "Rosin, Ralf"]
[Result "0-1"]
[WhiteElo "1757"]
[BlackElo "1925"]
[PlyCount "72"]
[EventDate "2018.10.14"]
[EventType "team-tourn"]
[EventRounds "9"]
[EventCountry "GER"]
[SourceTitle "EXT 2022"]
[Source "ChessBase"]
[SourceDate "2021.10.06"]
[SourceVersion "1"]
[SourceVersionDate "2021.10.06"]
[SourceQuality "1"]
[WhiteTeam "Erlangen SC IV"]
[BlackTeam "Grossenseebach"]
[WhiteTeamCountry "GER"]
[BlackTeamCountry "GER"]

1. e4 Nc6 2. Nf3 e5 3. Bb5 a6 4. Ba4 Nf6 5. 0-0 Be7 6. Re1 b5 7. Bb3 d6 8. h3 0-0 9. c3 Bb7 10. d3 Na5 11. Bc2 c5 12. Nbd2 Re8 13. Nf1 Bf8 14. Ng3 g6 15. Bg5 h6 16. Be3 d5 17. Qe2 Qc7 18. Rad1 Rad8 19. Bc1 Bg7 20. Nh2 Kh7 21. Qf1 dxe4 22. dxe4 Nc6 23. f4 c4 24. f5 Rxd1 25. Bxd1 Nb8 26. Ng4 Nbd7 27. Bc2 Rd8 28. Re3 Nxg4 29. hxg4 Nf6 30. Qe2 Bf8 31. Kh1 Bc5 32. Rf3 Nxg4 33. Qf1 Kg7 34. f6+ Kg8 35. Rf4 exf4 36. Bxf4 Bd6 0-1

[Event "Mecklenburg VP LL2 Ost 1718"]
[Site "Mecklenburg VP"]
[Date "2018.04.08"]
[Round "8.7"]
[White "Rath, Wolfgang"]
[Black "Rosin, Ralf"]
[Result "0-1"]
[WhiteElo "1659"]
[BlackElo "1722"]
[PlyCount "74"]
[EventDate "2017.10.08"]
[EventType "team-tourn"]
[EventRounds "9"]
[EventCountry "GER"]
[SourceTitle "EXT 2022"]
[Source "ChessBase"]
[SourceDate "2021.10.06"]
[SourceVersion "1"]
[SourceVersionDate "2021.10.06"]
[SourceQuality "1"]
[WhiteTeam "Graal Mueritz"]
[BlackTeam "Wolgast Motor"]
[WhiteTeamCountry "GER"]
[BlackTeamCountry "GER"]

1. e4 e6 2. d4 d5 3. exd5 exd5 4. Bd3 Bd6 5. Nf3 Nf6 6. Bg5 0-0 7. 0-0 Bg4 8. Nbd2 Nbd7 9. c3 c6 10. Qc2 Qc7 11. g3 h6 12. Bxf6 Nxf6 13. Rfe1 Rfe8 14. Kg2 Qd7 15. Ng1 c5 16. h3 Be6 17. Ndf3 c4 18. Bf1 Bf5 19. Qc1 Qc7 20. g4 Be4 21. Kh1 Re7 22. Bg2 Rae8 23. Re2 Bf4 24. Qd1 Bd3 25. Rxe7 Rxe7 26. Nd2 Qd7 27. b4 Qc8 28. Bf3 Ne4 29. Nxe4 dxe4 30. Be2 Qc6 31. Kg2 Qd5 32. Qe1 Qg5 33. a4 Bd2 34. Qd1 Bxc3 35. Ra2 Bxd4 36. Qd2 Qxd2 37. Rxd2 Bc3 0-1

[Event "Mecklenburg VP LL2 Ost 1718"]
[Site "Mecklenburg VP"]
[Date "2018.03.18"]
[Round "7.7"]
[White "Rosin, Ralf"]
[Black "Rosenbusch, Robert Mario"]
[Result "1/2-1/2"]
[WhiteElo "1722"]
[BlackElo "1729"]
[PlyCount "77"]
[EventDate "2017.10.08"]
[EventType "team-tourn"]
[EventRounds "9"]
[EventCountry "GER"]
[SourceTitle "EXT 2022"]
[Source "ChessBase"]
[SourceDate "2021.10.06"]
[SourceVersion "1"]
[SourceVersionDate "2021.10.06"]
[SourceQuality "1"]
[WhiteTeam "Wolgast Motor"]
[BlackTeam "Binz Therme Ruegen"]
[WhiteTeamCountry "GER"]
[BlackTeamCountry "GER"]

1. d4 Nf6 2. Nf3 g6 3. c4 Bg7 4. Nc3 0-0 5. e4 d6 6. Be2 e5 7. dxe5 dxe5 8. Bg5 Nbd7 9. Qc2 c6 10. Rd1 Qc7 11. 0-0 a5 12. Na4 h6 13. Bc1 b6 14. b3 Re8 15. Ba3 Bf8 16. Bc1 Nh5 17. Rfe1 Nf4 18. Bf1 Ne6 19. Be3 Nec5 20. Nxc5 Nxc5 21. h3 Ne6 22. Qc1 Kh7 23. Nh2 Nf4 24. Nf3 Bg7 25. Qd2 c5 26. Qd6 Qb8 27. Qxb8 Rxb8 28. Rd6 Ne6 29. Rdd1 Nd4 30. Bxd4 exd4 31. Bd3 Bb7 32. Rd2 Re7 33. Rde2 Rbe8 34. Nd2 Be5 35. g3 Kg7 36. f4 Bc7 37. Kf2 Bc8 38. Kg2 Bb7 39. Kf2 1/2-1/2

[Event "Mecklenburg VP LL2 Ost 1718"]
[Site "Mecklenburg VP"]
[Date "2018.01.21"]
[Round "5.7"]
[White "Rosin, Ralf"]
[Black "Zierke, Udo"]
[Result "1-0"]
[WhiteElo "1722"]
[BlackElo "1597"]
[PlyCount "71"]
[EventDate "2017.10.08"]
[EventType "team-tourn"]
[EventRounds "9"]
[EventCountry "GER"]
[SourceTitle "EXT 2022"]
[Source "ChessBase"]
[SourceDate "2021.10.06"]
[SourceVersion "1"]
[SourceVersionDate "2021.10.06"]
[SourceQuality "1"]
[WhiteTeam "Wolgast Motor"]
[BlackTeam "Ribnitz Damgarten"]
[WhiteTeamCountry "GER"]
[BlackTeamCountry "GER"]

1. d4 d5 2. Nf3 Nf6 3. Bf4 e6 4. e3 Bd6 5. Bd3 Bxf4 6. exf4 Qd6 7. Qc1 c5 8. c3 c4 9. Bc2 0-0 10. 0-0 b5 11. Re1 Nc6 12. Ne5 Rb8 13. Nd2 b4 14. Ndf3 h6 15. Nxc6 Qxc6 16. Ne5 Qd6 17. g4 Nd7 18. g5 hxg5 19. fxg5 f6 20. Ng6 Rf7 21. Qe3 Nf8 22. Qh3 Nh7 23. Ne7+ Kf8 24. Nxc8 Rxc8 25. Qxh7 Qf4 26. g6 Rfc7 27. Re3 Qg4+ 28. Kf1 b3 29. Bd1 Qf5 30. a3 Re8 31. Bf3 Ke7 32. Rae1 Kd8 33. Qh5 Qc2 34. R3e2 Qd3 35. Bxd5 e5 36. Be4 1-0

[Event "Mecklenburg VP LL2 Ost 1718"]
[Site "Mecklenburg VP"]
[Date "2017.10.08"]
[Round "1.6"]
[White "Rosin, Ralf"]
[Black "Kalettka, Joachim"]
[Result "1/2-1/2"]
[WhiteElo "1722"]
[BlackElo "1268"]
[PlyCount "28"]
[EventDate "2017.10.08"]
[EventType "team-tourn"]
[EventRounds "9"]
[EventCountry "GER"]
[SourceTitle "EXT 2022"]
[Source "ChessBase"]
[SourceDate "2021.10.06"]
[SourceVersion "1"]
[SourceVersionDate "2021.10.06"]
[SourceQuality "1"]
[WhiteTeam "Wolgast Motor"]
[BlackTeam "Guestrow/Teterow II"]
[WhiteTeamCountry "GER"]
[BlackTeamCountry "GER"]

1. d4 Nf6 2. Nf3 e6 3. c4 d5 4. Nc3 c6 5. e3 Nbd7 6. cxd5 exd5 7. Be2 Bd6 8. 0-0 0-0 9. b3 Re8 10. Bb2 Ne4 11. Bd3 f5 12. Ne2 g5 13. Ng3 Qf6 14. Nd2 Qg6 1/2-1/2

[Event "Mecklenburg VP LL2 Ost 1516"]
[Site "Mecklenburg VP"]
[Date "2016.04.24"]
[Round "9.4"]
[White "Gruner, Martin"]
[Black "Rosin, Ralf"]
[Result "0-1"]
[WhiteElo "1418"]
[BlackElo "1730"]
[PlyCount "56"]
[EventDate "2015.09.20"]
[EventType "team-tourn"]
[EventRounds "9"]
[EventCountry "GER"]
[SourceTitle "EXT 2022"]
[Source "ChessBase"]
[SourceDate "2021.10.06"]
[SourceVersion "1"]
[SourceVersionDate "2021.10.06"]
[SourceQuality "1"]
[WhiteTeam "Gryps SV"]
[BlackTeam "Wolgast Motor"]
[WhiteTeamCountry "GER"]
[BlackTeamCountry "GER"]

1. d4 e6 2. c4 f5 3. Nf3 Nf6 4. Nc3 Be7 5. e3 0-0 6. Bd3 d5 7. Qc2 c6 8. 0-0 Ne4 9. Ne5 Nd7 10. f3 Nxe5 11. dxe5 Nxc3 12. Qxc3 Qb6 13. Kh1 Bd7 14. a3 a5 15. Bd2 a4 16. Rac1 Rfd8 17. Rfe1 Be8 18. e4 fxe4 19. fxe4 d4 20. Qc2 Bh5 21. c5 Qc7 22. Bf4 Ra5 23. Qc4 Qd7 24. Qb4 Raa8 25. Qd2 Rf8 26. Bg3 Qd8 27. Rc4 Ra5 28. Rec1 Bg5 0-1

[Event "Mecklenburg VP LL2 Ost 1415"]
[Site "Mecklenburg VP"]
[Date "2015.01.18"]
[Round "5.4"]
[White "Rosin, Ralf"]
[Black "Buenz, Heinrich"]
[Result "1/2-1/2"]
[WhiteElo "1727"]
[BlackElo "1609"]
[PlyCount "54"]
[EventDate "2014.09.21"]
[EventType "team-tourn"]
[EventRounds "9"]
[EventCountry "GER"]
[SourceTitle "EXT 2022"]
[Source "ChessBase"]
[SourceDate "2021.10.06"]
[SourceVersion "1"]
[SourceVersionDate "2021.10.06"]
[SourceQuality "1"]
[WhiteTeam "Wolgast Motor"]
[BlackTeam "Neubrandenburg SG Eintracht III"]
[WhiteTeamCountry "GER"]
[BlackTeamCountry "GER"]

1. d4 Nf6 2. c4 e6 3. Nc3 Be7 4. Nf3 b6 5. e4 d6 6. Bg5 0-0 7. Bd3 Nbd7 8. 0-0 Bb7 9. Re1 c5 10. Bxf6 Nxf6 11. d5 e5 12. a4 a5 13. Ra3 Nd7 14. Nb5 Nb8 15. Bb1 Bc8 16. h3 f5 17. Nxe5 Bh4 18. Nf3 Be7 19. e5 Na6 20. exd6 Bxd6 21. Rae3 Nc7 22. Nxd6 Qxd6 23. Ne5 Rf6 24. Nc6 Bd7 25. Ne7+ Kh8 26. b3 Raf8 27. Qc2 h6 1/2-1/2

[Event "Mecklenburg VP LL2 Ost 1314"]
[Site "Mecklenburg VP"]
[Date "2014.04.27"]
[Round "9.2"]
[White "Rosin, Ralf"]
[Black "Onasch, Gunnar"]
[Result "1-0"]
[WhiteElo "1696"]
[BlackElo "1863"]
[PlyCount "95"]
[EventDate "2013.10.27"]
[EventType "team-tourn"]
[EventRounds "9"]
[EventCountry "GER"]
[SourceTitle "EXT 2022"]
[Source "ChessBase"]
[SourceDate "2021.10.06"]
[SourceVersion "1"]
[SourceVersionDate "2021.10.06"]
[SourceQuality "1"]
[WhiteTeam "Neubrandenburg SV Turbine"]
[BlackTeam "Waterkant Saal SV"]
[WhiteTeamCountry "GER"]
[BlackTeamCountry "GER"]

1. d4 Nf6 2. c4 c5 3. d5 e6 4. dxe6 fxe6 5. Nf3 Be7 6. Nc3 d5 7. e3 0-0 8. Be2 Nc6 9. 0-0 b6 10. Qa4 Bb7 11. Ng5 Qd7 12. Rd1 Rad8 13. cxd5 exd5 14. Nxd5 Nxd5 15. Rxd5 Qxd5 16. Bc4 Bxg5 17. e4 b5 18. Qxb5 Nd4 19. Bxd5+ Bxd5 20. Qxc5 Ne2+ 21. Kf1 Nxc1 22. exd5 Nd3 23. Qc4 Rxf2+ 24. Kg1 Rd2 25. h4 Nf4 26. Qe4 Rxg2+ 27. Kh1 Rf2 28. hxg5 Ng6 29. Rd1 Rf7 30. d6 Kf8 31. a4 Rf4 32. Qc2 Rb4 33. Kg1 Rg4+ 34. Kh2 Rxg5 35. Rf1+ Kg8 36. Qc4+ Kh8 37. Re1 Ne5 38. Qc3 Nf7 39. d7 Rh5+ 40. Kg1 Rg5+ 41. Kf1 Rf5+ 42. Kg2 Rg5+ 43. Kh3 Rh5+ 44. Kg4 Rg5+ 45. Kh4 h6 46. Re8+ Kh7 47. Rxd8 Nxd8 48. Qc8 1-0

[Event "Mecklenburg VP LL2 Ost 1314"]
[Site "Mecklenburg VP"]
[Date "2014.04.06"]
[Round "8.3"]
[White "Rosin, Ralf"]
[Black "Rossmann, Andreas"]
[Result "0-1"]
[WhiteElo "1696"]
[BlackElo "1977"]
[PlyCount "40"]
[EventDate "2013.10.27"]
[EventType "team-tourn"]
[EventRounds "9"]
[EventCountry "GER"]
[SourceTitle "EXT 2022"]
[Source "ChessBase"]
[SourceDate "2021.10.06"]
[SourceVersion "1"]
[SourceVersionDate "2021.10.06"]
[SourceQuality "1"]
[WhiteTeam "Neubrandenburg SV Turbine"]
[BlackTeam "Neubrandenburg SG Eintracht"]
[WhiteTeamCountry "GER"]
[BlackTeamCountry "GER"]

1. d4 Nf6 2. c4 e6 3. Nf3 Bb4+ 4. Bd2 Qe7 5. a3 Bxd2+ 6. Nbxd2 b6 7. e4 d6 8. Bd3 e5 9. 0-0 0-0 10. d5 a5 11. b4 Bd7 12. Qc2 Na6 13. Qc3 a4 14. Rfc1 Nh5 15. c5 bxc5 16. bxc5 Nxc5 17. Nxe5 Nf4 18. Nxd7 Ncxd3 19. Nxf8 Ne2+ 20. Kf1 Nxc3 0-1

[Event "Mecklenburg VP LL2 Ost 1314"]
[Site "Mecklenburg VP"]
[Date "2014.01.19"]
[Round "5.4"]
[White "Rosin, Ralf"]
[Black "Ilanz, Kazimierz"]
[Result "1/2-1/2"]
[WhiteElo "1696"]
[BlackElo "1602"]
[PlyCount "58"]
[EventDate "2013.10.27"]
[EventType "team-tourn"]
[EventRounds "9"]
[EventCountry "GER"]
[SourceTitle "EXT 2022"]
[Source "ChessBase"]
[SourceDate "2021.10.06"]
[SourceVersion "1"]
[SourceVersionDate "2021.10.06"]
[SourceQuality "1"]
[WhiteTeam "Neubrandenburg SV Turbine"]
[BlackTeam "Binz Therme Ruegen"]
[WhiteTeamCountry "GER"]
[BlackTeamCountry "GER"]

1. Nf3 d5 2. d4 Nf6 3. c4 e6 4. Nc3 c6 5. e3 Nbd7 6. Bd2 Be7 7. Rc1 0-0 8. cxd5 exd5 9. Bd3 Re8 10. 0-0 Nf8 11. Ne5 Bd6 12. f4 Qe7 13. Qf3 Bd7 14. Rce1 b5 15. e4 Ne6 16. Nxd7 Qxd7 17. e5 Nxd4 18. Qd1 Bc5 19. exf6 Nf3+ 20. Kh1 Nxe1 21. Bxe1 g6 22. f5 Rf8 23. Qd2 Kh8 24. Qh6 Rg8 25. fxg6 fxg6 26. f7 Rg7 27. Bxg6 Bf8 28. Bg3 Qe6 29. Qh5 Qxg6 1/2-1/2

[Event "Mecklenburg VP LL2 Ost 1314"]
[Site "Mecklenburg VP"]
[Date "2013.12.15"]
[Round "4.4"]
[White "Buenz, Heinrich"]
[Black "Rosin, Ralf"]
[Result "1/2-1/2"]
[WhiteElo "1714"]
[BlackElo "1696"]
[PlyCount "63"]
[EventDate "2013.10.27"]
[EventType "team-tourn"]
[EventRounds "9"]
[EventCountry "GER"]
[SourceTitle "EXT 2022"]
[Source "ChessBase"]
[SourceDate "2021.10.06"]
[SourceVersion "1"]
[SourceVersionDate "2021.10.06"]
[SourceQuality "1"]
[WhiteTeam "Neubrandenburg SG Eintracht II"]
[BlackTeam "Neubrandenburg SV Turbine"]
[WhiteTeamCountry "GER"]
[BlackTeamCountry "GER"]

1. Nf3 f5 2. c4 Nf6 3. Nc3 e6 4. d4 Be7 5. g3 0-0 6. Bg2 c6 7. Ne5 d6 8. Nd3 Bd7 9. 0-0 Be8 10. b3 Nbd7 11. d5 cxd5 12. cxd5 e5 13. Ba3 Nb6 14. Rc1 Rc8 15. Bb4 Na8 16. Qd2 a5 17. Ba3 b5 18. b4 a4 19. e4 Nb6 20. Nb2 fxe4 21. Nxe4 Nxe4 22. Bxe4 Rxc1 23. Qxc1 Bd7 24. Qc2 h6 25. Qe2 Qc8 26. Nd3 Bg4 27. f3 Bd7 28. Rc1 Qb7 29. Nxe5 Bg5 30. Nxd7 Qxd7 31. Rc6 Nc4 32. Bb2 1/2-1/2

[Event "Mecklenburg VP LL2 Ost 1213"]
[Site "Mecklenburg VP"]
[Date "2013.04.14"]
[Round "8.4"]
[White "Rosin, Ralf"]
[Black "Schmidt, Paul1111"]
[Result "1-0"]
[WhiteElo "1656"]
[BlackElo "1567"]
[PlyCount "65"]
[EventDate "2012.10.14"]
[EventType "team-tourn"]
[EventRounds "9"]
[EventCountry "GER"]
[SourceTitle "EXT 2022"]
[Source "ChessBase"]
[SourceDate "2021.10.06"]
[SourceVersion "1"]
[SourceVersionDate "2021.10.06"]
[SourceQuality "1"]
[WhiteTeam "Neubrandenburg SV Turbine"]
[BlackTeam "Torgelow Droegeheide II"]
[WhiteTeamCountry "GER"]
[BlackTeamCountry "GER"]

1. d4 Nf6 2. Nf3 e6 3. c4 d5 4. e3 Be7 5. Nc3 0-0 6. Bd3 c5 7. 0-0 Nc6 8. dxc5 Bxc5 9. Na4 Be7 10. a3 a6 11. c5 Nd7 12. Qc2 Nf6 13. b4 Bd7 14. Bb2 Na7 15. Nb6 Rb8 16. Be5 Bc6 17. Rfd1 Nb5 18. Bxb8 Qxb8 19. a4 Nc7 20. Rdb1 Rd8 21. b5 axb5 22. axb5 Be8 23. Ra5 Ne4 24. Bxe4 dxe4 25. Nd4 Nd5 26. Ra8 Qe5 27. Rxd8 Bxd8 28. Nc4 Qc7 29. Nd6 Bd7 30. Nxb7 Qxb7 31. c6 Bxc6 32. Qxc6 Qe7 33. Qa8 1-0

[Event "Mecklenburg VP LL2 Ost 1213"]
[Site "Mecklenburg VP"]
[Date "2012.10.14"]
[Round "1.4"]
[White "Patzenhauer, Max"]
[Black "Rosin, Ralf"]
[Result "1-0"]
[WhiteElo "1782"]
[BlackElo "1656"]
[PlyCount "81"]
[EventDate "2012.10.14"]
[EventType "team-tourn"]
[EventRounds "9"]
[EventCountry "GER"]
[SourceTitle "EXT 2022"]
[Source "ChessBase"]
[SourceDate "2021.10.06"]
[SourceVersion "1"]
[SourceVersionDate "2021.10.06"]
[SourceQuality "1"]
[WhiteTeam "Wolgast Motor"]
[BlackTeam "Neubrandenburg SV Turbine"]
[WhiteTeamCountry "GER"]
[BlackTeamCountry "GER"]

1. Nf3 e6 2. d4 Be7 3. e4 d5 4. Nc3 dxe4 5. Nxe4 Nf6 6. Bd3 Nc6 7. c3 Nxe4 8. Bxe4 Bf6 9. Bf4 g5 10. Bxc6+ bxc6 11. Be5 Bd7 12. Qe2 Bxe5 13. Qxe5 f6 14. Qe2 Kf7 15. Nd2 Re8 16. Qh5+ Kg7 17. 0-0-0 Re7 18. h4 Be8 19. Qf3 Qd5 20. hxg5 fxg5 21. Qxd5 exd5 22. Rde1 Rxe1+ 23. Rxe1 Bf7 24. Nf3 h6 25. Ne5 Re8 26. Kd2 Re6 27. Re3 h5 28. Rf3 Bg6 29. Rg3 g4 30. f3 gxf3 31. Rxf3 Be8 32. Nd3 Rf6 33. Ke3 Rxf3+ 34. Kxf3 Kf6 35. Kf4 Bg6 36. Ne5 Be8 37. g3 Ke6 38. b4 Kd6 39. Kg5 Ke6 40. a3 a6 41. Nd3 1-0

[Event "Mittelfranken-chTB2a 1112"]
[Site "Germany"]
[Date "2012.01.15"]
[Round "5.2"]
[White "Koschka, Robert"]
[Black "Rosin, Ralf"]
[Result "1/2-1/2"]
[WhiteElo "1837"]
[BlackElo "1984"]
[PlyCount "47"]
[EventDate "2011.09.25"]
[EventType "team-tourn"]
[EventRounds "9"]
[EventCountry "GER"]
[SourceTitle "EXT 2013"]
[Source "ChessBase"]
[SourceDate "2012.11.22"]
[SourceVersion "1"]
[SourceVersionDate "2012.11.22"]
[SourceQuality "1"]
[WhiteTeam "Fuerth II"]
[BlackTeam "Grossenseebach"]
[WhiteTeamCountry "GER"]
[BlackTeamCountry "GER"]

1. e4 Nc6 2. d4 d5 3. e5 Bf5 4. g4 Be4 5. f3 Bg6 6. Bg2 e6 7. Ne2 Qh4+ 8. Ng3 h5 9. c3 hxg4 10. fxg4 f5 11. gxf5 Bxf5 12. Qf3 Be4 13. Qf2 Bxg2 14. Qxg2 Be7 15. Nd2 0-0-0 16. Nf3 Qg4 17. 0-0 Rf8 18. Ne2 Qe4 19. Ng3 Qg4 20. Bd2 Nh6 21. Rae1 Bh4 22. Nxh4 Qxh4 23. Rxf8+ Rxf8 24. Rf1 1/2-1/2

[Event "Mittelfranken-ch HT 60th"]
[Site "Buechenbach/Roth"]
[Date "2011.04.22"]
[Round "9"]
[White "Rosin, Ralf"]
[Black "Leopold, Christian"]
[Result "1/2-1/2"]
[WhiteElo "2029"]
[BlackElo "2006"]
[PlyCount "45"]
[EventDate "2011.04.19"]
[EventType "swiss"]
[EventRounds "9"]
[EventCountry "GER"]
[SourceTitle "CBM 142 Extra"]
[Source "ChessBase"]
[SourceDate "2011.06.27"]
[SourceVersion "1"]
[SourceVersionDate "2011.06.27"]
[SourceQuality "1"]

1. d4 d6 2. e4 Nf6 3. Nc3 e5 4. Nf3 Nbd7 5. Bc4 Be7 6. 0-0 0-0 7. h3 c6 8. a4 b6 9. Be3 a6 10. Bb3 Bb7 11. dxe5 dxe5 12. Qe2 Qe8 13. Nd2 Bb4 14. f3 Bc5 15. Nc4 Qe7 16. Qf2 b5 17. Na5 Rab8 18. axb5 axb5 19. Nxb7 Rxb7 20. Rfd1 Bxe3 21. Qxe3 Nc5 22. Ba2 Rd7 23. Rxd7 1/2-1/2

[Event "Mittelfranken-ch HT 60th"]
[Site "Buechenbach/Roth"]
[Date "2011.04.20"]
[Round "4"]
[White "Alt, Norbert"]
[Black "Rosin, Ralf"]
[Result "0-1"]
[WhiteElo "1885"]
[BlackElo "2029"]
[PlyCount "28"]
[EventDate "2011.04.19"]
[EventType "swiss"]
[EventRounds "9"]
[EventCountry "GER"]
[SourceTitle "CBM 142 Extra"]
[Source "ChessBase"]
[SourceDate "2011.06.27"]
[SourceVersion "1"]
[SourceVersionDate "2011.06.27"]
[SourceQuality "1"]

1. d4 d5 2. Nf3 Nf6 3. e3 e6 4. Bd3 c5 5. c3 Nc6 6. Nbd2 Bd6 7. 0-0 0-0 8. Re1 Qc7 9. dxc5 Bxc5 10. e4 Ng4 11. Rf1 Nce5 12. Bc2 Nxf2 13. Rxf2 Ng4 14. Nd4 Qxh2+ 0-1

[Event "Mittelfranken-ch HT 60th"]
[Site "Buechenbach/Roth"]
[Date "2011.04.19"]
[Round "2"]
[White "Roeder, Frank"]
[Black "Rosin, Ralf"]
[Result "1-0"]
[WhiteElo "2113"]
[BlackElo "2029"]
[PlyCount "55"]
[EventDate "2011.04.19"]
[EventType "swiss"]
[EventRounds "9"]
[EventCountry "GER"]
[SourceTitle "CBM 142 Extra"]
[Source "ChessBase"]
[SourceDate "2011.06.27"]
[SourceVersion "1"]
[SourceVersionDate "2011.06.27"]
[SourceQuality "1"]

1. e4 d6 2. d4 Nf6 3. Nc3 g6 4. Bg5 Bg7 5. f4 c6 6. Qd2 0-0 7. Bd3 Qb6 8. Nf3 Bg4 9. e5 dxe5 10. fxe5 Bxf3 11. gxf3 Nfd7 12. Be3 Qa5 13. f4 Nb6 14. h4 Nd5 15. h5 Rd8 16. hxg6 hxg6 17. f5 c5 18. Nxd5 Qxd2+ 19. Bxd2 Rxd5 20. Be4 Rd7 21. e6 fxe6 22. fxe6 Rc7 23. Bf4 Rc6 24. d5 Rb6 25. Bxg6 Bxb2 26. Bf7+ Kf8 27. Bh6+ Bg7 28. Rg1 1-0